[Event "Internationaal Jeugdtoernooi Limburg 3"]
[Site "Blerick"]
[Date "1997.07.26"]
[Round "6"]
[White "Snoeck, Rene"]
[Black "Backhuis, Roel"]
[Result "1/2-1/2"]
[WhiteElo "1744"]
[BlackElo "1463"]
[PlyCount "75"]
[EventDate "1997.07.24"]
[EventType "swiss"]
[EventRounds "7"]
[EventCountry "NED"]
[Source "P.Boonen"]
[SourceDate "2009.01.01"]

1. d4 d5 2. c4 c6 3. cxd5 cxd5 4. Nc3 Nf6 5. Nf3 Nc6 6. Bf4 a6 7. e3 e6 8. Bd3
Bd6 9. Bxd6 Qxd6 10. O-O O-O 11. Rc1 Bd7 12. Qd2 Rac8 13. Bb1 Rc7 14. Rfd1 Rfc8
15. h3 h6 16. Ne1 Ne7 17. Ne2 Rxc1 18. Rxc1 Rxc1 19. Qxc1 Qc6 20. Qxc6 Nxc6 21.
f3 Ne8 22. Nd3 b6 23. Kf2 Nd6 24. Nc3 Nc8 25. a3 Kf8 26. Bc2 Ke7 27. Ba4 Nb8
28. Bd1 Kd6 29. Be2 Nc6 30. Nb4 Nxb4 31. axb4 b5 32. e4 f6 33. Ke3 Nb6 34. b3
dxe4 35. fxe4 Bc6 36. h4 g5 37. g3 Be8 38. d5 1/2-1/2

[Event "Internationaal Jeugdtoernooi Limburg 3"]
[Site "Blerick"]
[Date "1997.07.26"]
[Round "6"]
[White "Solakian, Jerome"]
[Black "Strijbos, Maarten"]
[Result "1-0"]
[WhiteElo "2215"]
[BlackElo "2293"]
[PlyCount "71"]
[EventDate "1997.07.24"]
[EventType "swiss"]
[EventRounds "7"]
[EventCountry "NED"]
[Source "P.Boonen"]
[SourceDate "2009.01.01"]

1. Nf3 d5 2. g3 Nf6 3. Bg2 c6 4. O-O g6 5. d4 Bg7 6. b3 O-O 7. Bb2 Na6 8. c4
Nc7 9. Nc3 Bf5 10. Ne5 Rc8 11. Rc1 Qd6 12. e3 Qe6 13. Ba3 Rfe8 14. Qe2 Bh3 15.
cxd5 Nfxd5 16. Nxd5 Bxg2 17. Kxg2 Qxd5+ 18. Qf3 Bxe5 19. Qxd5 Nxd5 20. dxe5 Kf8
21. Rfd1 Red8 22. Kf3 Ke8 23. Kg4 h6 24. e4 Nc7 25. Bc5 Ne6 26. Be3 h5+ 27. Kh4
Rxd1 28. Rxd1 c5 29. f4 c4 30. f5 Nc5 31. Bxc5 Rxc5 32. bxc4 Rxc4 33. e6 Rxe4+
34. Kh3 gxf5 35. Rd8+ Kxd8 36. exf7 1-0

[Event "Internationaal Jeugdtoernooi Limburg 3"]
[Site "Blerick"]
[Date "1997.07.26"]
[Round "6"]
[White "Utama, Ivan"]
[Black "Lemmers, Ruud"]
[Result "0-1"]
[WhiteElo "2049"]
[BlackElo "1971"]
[PlyCount "84"]
[EventDate "1997.07.24"]
[EventType "swiss"]
[EventRounds "7"]
[EventCountry "NED"]
[Source "P.Boonen"]
[SourceDate "2009.01.01"]

1. e4 c5 2. Nc3 Nc6 3. Nge2 g6 4. g3 Bg7 5. Bg2 e6 6. d3 Nge7 7. O-O O-O 8. Bg5
h6 9. Be3 b6 10. Qd2 Kh7 11. d4 d6 12. Rfd1 a6 13. f4 Qc7 14. dxc5 dxc5 15. Qd6
Qa7 16. Qd2 Bb7 17. Qe1 Rad8 18. Na4 Nd4 19. Bxd4 cxd4 20. Qb4 Bc6 21. e5 Bxa4
22. Nxd4 Be8 23. Rd2 Qc7 24. Rad1 Rc8 25. c4 Nc6 26. Qc3 Nxd4 27. Rxd4 b5 28.
b3 bxc4 29. Rxc4 Qb6+ 30. Kh1 Rxc4 31. Qxc4 Bb5 32. Qb4 Qc7 33. a4 Bc6 34. Rd6
Bxg2+ 35. Kxg2 Rb8 36. Qd4 Rxb3 37. Rd7 Qc2+ 38. Kh3 Rb2 39. Qg1 Qf5+ 40. g4
Rb3+ 41. Kh4 g5+ 42. Kh5 Qg6# 0-1

[Event "Internationaal Jeugdtoernooi Limburg 3"]
[Site "Blerick"]
[Date "1997.07.26"]
[Round "6"]
[White "Van Gemen, Felix"]
[Black "Pietersma, Menno"]
[Result "0-1"]
[WhiteElo "1672"]
[BlackElo "2054"]
[PlyCount "48"]
[EventDate "1997.07.24"]
[EventType "swiss"]
[EventRounds "7"]
[EventCountry "NED"]
[Source "P.Boonen"]
[SourceDate "2009.01.01"]

1. e4 c5 2. Nf3 e6 3. d4 cxd4 4. Nxd4 Nf6 5. Nc3 Bb4 6. f3 d5 7. e5 Nfd7 8. f4
Nc6 9. Be2 Ndxe5 10. O-O Nd7 11. Kh1 O-O 12. g4 e5 13. Nf3 e4 14. Ng5 Nf6 15.
a3 Bc5 16. h4 Nd4 17. f5 Nxe2 18. Qxe2 Bd7 19. Nh3 d4 20. g5 dxc3 21. gxf6 Qxf6
22. Bg5 Qe5 23. Qh5 e3 24. Bf4 Qxf5 0-1

[Event "Internationaal Jeugdtoernooi Limburg 3"]
[Site "Blerick"]
[Date "1997.07.26"]
[Round "6"]
[White "Vinck, Martin"]
[Black "De Wit, William"]
[Result "0-1"]
[WhiteElo "1708"]
[BlackElo "2108"]
[PlyCount "76"]
[EventDate "1997.07.24"]
[EventType "swiss"]
[EventRounds "7"]
[EventCountry "NED"]
[Source "P.Boonen"]
[SourceDate "2009.01.01"]

1. e4 c5 2. Nf3 d6 3. d4 cxd4 4. Nxd4 Nf6 5. Nc3 g6 6. Be3 Bg7 7. f3 O-O 8. Bc4
Nc6 9. Qd2 Bd7 10. h4 Ne5 11. Bb3 Qa5 12. O-O-O Rfc8 13. h5 Nxh5 14. g4 Nf6 15.
Bh6 Rxc3 16. Qxc3 Qxc3 17. bxc3 Bxh6+ 18. Rxh6 a5 19. a3 Rc8 20. Kd2 a4 21. Ba2
Nxf3+ 22. Nxf3 Bxg4 23. Rf1 Nxe4+ 24. Kc1 e6 25. Rh4 h5 26. Nd2 Nxc3 27. Bc4 d5
28. Bd3 e5 29. Re1 e4 30. Bf1 f5 31. Bh3 Ne2+ 32. Kd1 Nd4+ 33. Bxg4 fxg4 34. c4
Nf3 35. Nxf3 exf3 36. Kd2 dxc4 37. Ke3 Re8+ 38. Kf2 g3+ 0-1

[Event "Internationaal Jeugdtoernooi Limburg 3"]
[Site "Blerick"]
[Date "1997.07.26"]
[Round "6"]
[White "Willemze, Thomas"]
[Black "Buzing, Pieter"]
[Result "1/2-1/2"]
[WhiteElo "1957"]
[BlackElo "2072"]
[PlyCount "46"]
[EventDate "1997.07.24"]
[EventType "swiss"]
[EventRounds "7"]
[EventCountry "NED"]
[Source "P.Boonen"]
[SourceDate "2009.01.01"]

1. e4 e6 2. d3 d5 3. Nd2 Nf6 4. Ngf3 b6 5. g3 dxe4 6. dxe4 Bb7 7. Bb5+ c6 8.
Bf1 Bc5 9. e5 Ng4 10. Ne4 Qxd1+ 11. Kxd1 Nxf2+ 12. Nxf2 Bxf2 13. Nd2 c5 14.
Bb5+ Ke7 15. Rf1 Bd4 16. Nc4 Bg2 17. Bg5+ f6 18. Rxf6 gxf6 19. Bxf6+ Kf8 20.
Bxh8 a6 21. Nxb6 axb5 22. Nxa8 Bxa8 23. c3 Bg1 1/2-1/2

[Event "Internationaal Jeugdtoernooi Limburg 3"]
[Site "Blerick"]
[Date "1997.07.27"]
[Round "7"]
[White "Bergez, Luc"]
[Black "Lemmers, Ruud"]
[Result "1-0"]
[WhiteElo "2310"]
[BlackElo "1971"]
[PlyCount "61"]
[EventDate "1997.07.24"]
[EventType "swiss"]
[EventRounds "7"]
[EventCountry "NED"]
[Source "P.Boonen"]
[SourceDate "2009.01.01"]

1. e4 c5 2. Nf3 d6 3. d4 cxd4 4. Nxd4 Nf6 5. Nc3 g6 6. Be3 Bg7 7. f3 O-O 8. Qd2
Nc6 9. O-O-O Nxd4 10. Bxd4 Be6 11. Kb1 Qc7 12. g4 Rfc8 13. h4 Qa5 14. a3 h5 15.
gxh5 Nxh5 16. Bxg7 Kxg7 17. Rg1 Rxc3 18. Rg5 Qxg5 19. Qxg5 f6 20. Qg2 Nf4 21.
Qg3 Nh5 22. Qf2 Rc5 23. f4 Rac8 24. Bd3 Kf7 25. f5 gxf5 26. exf5 Bd5 27. b4 Rc3
28. Be2 Be4 29. Bxh5+ Kf8 30. Rd2 Rxa3 31. Qf4 1-0

[Event "Internationaal Jeugdtoernooi Limburg 3"]
[Site "Blerick"]
[Date "1997.07.27"]
[Round "7"]
[White "Berkvens, Joost"]
[Black "Solakian, Jerome"]
[Result "0-1"]
[WhiteElo "2078"]
[BlackElo "2215"]
[PlyCount "65"]
[EventDate "1997.07.24"]
[EventType "swiss"]
[EventRounds "7"]
[EventCountry "NED"]
[Source "P.Boonen"]
[SourceDate "2009.01.01"]

1. e4 e6 2. d4 d5 3. Nd2 Nf6 4. e5 Nfd7 5. Bd3 c5 6. c3 Nc6 7. Ne2 Qb6 8. Nf3
cxd4 9. cxd4 f6 10. exf6 Nxf6 11. O-O Bd6 12. Re1 O-O 13. Bf4 Bxf4 14. Nxf4
Qxb2 15. Rb1 Qxa2 16. Ng5 Nxd4 17. Nh5 h6 18. Ra1 Qb2 19. Rb1 Qa2 20. Ra1 Qb3
21. Nxf6+ Rxf6 22. Bh7+ Kh8 23. Qxd4 Qc4 24. Qxc4 dxc4 25. Ne4 Kxh7 26. Nxf6+
gxf6 27. Reb1 Kg6 28. Kf1 e5 29. Rb4 a5 30. Rb5 a4 31. Ra3 Ra7 32. Ke1 Bd7 33.
Kd2 0-1

[Event "Internationaal Jeugdtoernooi Limburg 3"]
[Site "Blerick"]
[Date "1997.07.27"]
[Round "7"]
[White "Buzing, Pieter"]
[Black "Van Gemen, Felix"]
[Result "1-0"]
[WhiteElo "2072"]
[BlackElo "1672"]
[PlyCount "20"]
[EventDate "1997.07.24"]
[EventType "swiss"]
[EventRounds "7"]
[EventCountry "NED"]
[Source "P.Boonen"]
[SourceDate "2009.01.01"]

1. e4 e6 2. d4 d5 3. Nc3 Bb4 4. e5 c5 5. Qg4 cxd4 6. Qxg7 dxc3 7. b3 Qh4 8.
Qxh8 Qe4+ 9. Kd1 Qd4+ 10. Bd3 Qg4+ 1-0

[Event "Internationaal Jeugdtoernooi Limburg 3"]
[Site "Blerick"]
[Date "1997.07.27"]
[Round "7"]
[White "De Jong, Jan Willem"]
[Black "Heltzel, Joost"]
[Result "1-0"]
[WhiteElo "1980"]
[BlackElo "1890"]
[PlyCount "99"]
[EventDate "1997.07.24"]
[EventType "swiss"]
[EventRounds "7"]
[EventCountry "NED"]
[Source "P.Boonen"]
[SourceDate "2009.01.01"]

1. e4 e6 2. d4 d5 3. exd5 exd5 4. Bd3 Bd6 5. Qf3 Be6 6. Ne2 Nc6 7. c3 Qd7 8. h3
Nge7 9. Bf4 O-O-O 10. b4 h6 11. Nd2 f5 12. Nb3 g5 13. Bxd6 Qxd6 14. b5 Nb8 15.
a4 Nd7 16. a5 Ng6 17. g3 h5 18. Kd2 Nf6 19. b6 cxb6 20. axb6 Ne4+ 21. Kc2 a6
22. Bxa6 bxa6 23. Rxa6 Kd7 24. Rha1 Ke7 25. b7 Qd7 26. Na5 Kf6 27. Nc6 Qxb7 28.
Nxd8 Rxd8 29. Qxh5 Qf7 30. Qf3 Rc8 31. Rb6 Nf8 32. Raa6 Kg7 33. Qe3 Re8 34. f3
f4 35. gxf4 Bf5 36. Kd1 Ng3 37. Qxe8 Qxe8 38. Nxg3 Bg6 39. f5 Bf7 40. Kd2 Nh7
41. Ra7 Kg8 42. Rbb7 Nf6 43. Rxf7 Qb8 44. Rfb7 Qc8 45. Nf1 Ne8 46. Ne3 Qd8 47.
Ng4 Qd6 48. f6 Nxf6 49. Ra8+ Qf8 50. Nh6+ 1-0

[Event "Internationaal Jeugdtoernooi Limburg 3"]
[Site "Blerick"]
[Date "1997.07.27"]
[Round "7"]
[White "De Wit, William"]
[Black "Paulus, Sami"]
[Result "1/2-1/2"]
[WhiteElo "2108"]
[BlackElo "1950"]
[PlyCount "102"]
[EventDate "1997.07.24"]
[EventType "swiss"]
[EventRounds "7"]
[EventCountry "NED"]
[Source "P.Boonen"]
[SourceDate "2009.01.01"]

1. e4 c5 2. Nf3 d6 3. d4 cxd4 4. Nxd4 Nf6 5. Nc3 a6 6. f4 e5 7. Nf3 Nc6 8. fxe5
dxe5 9. Qxd8+ Kxd8 10. Bc4 Bb4 11. Bd2 Ke7 12. Bd5 Nd4 13. O-O-O Bxc3 14. bxc3
Nxf3 15. gxf3 Nxd5 16. exd5 Bf5 17. c4 a5 18. c5 Kd7 19. Be3 Rhe8 20. c4 f6 21.
h4 Rg8 22. Rd2 g5 23. hxg5 fxg5 24. Rb2 Kc7 25. d6+ Kc8 26. Rh5 Bd3 27. Kd2
Bxc4 28. Rxh7 Bd5 29. Re7 Bxf3 30. Bxg5 Bc6 31. Rc7+ Kb8 32. Rxc6 Rxg5 33. d7
Rg8 34. Ke3 Rd8 35. Rd6 Kc7 36. Rbd2 a4 37. Ke4 Ra5 38. R6d5 Rb5 39. Kxe5 a3
40. Ke6 Rb2 41. R5d3 Rb1 42. Re2 Rh1 43. Rd6 Rh6+ 44. Kd5 Rh5+ 45. Kc4 Rxd7 46.
Rxd7+ Kxd7 47. Rg2 Rh6 48. Kb5 Ra6 49. Rg7+ Kc8 50. Kb4 Kb8 51. Rg3 Kc7 1/2-1/2

[Event "Internationaal Jeugdtoernooi Limburg 3"]
[Site "Blerick"]
[Date "1997.07.27"]
[Round "7"]
[White "Holtackers, Daan"]
[Black "Snoeck, Rene"]
[Result "1-0"]
[WhiteElo "1784"]
[BlackElo "1744"]
[PlyCount "85"]
[EventDate "1997.07.24"]
[EventType "swiss"]
[EventRounds "7"]
[EventCountry "NED"]
[Source "P.Boonen"]
[SourceDate "2009.01.01"]

1. e4 c6 2. d4 d5 3. Nc3 g6 4. e5 Bg7 5. Bd3 e6 6. f4 Ne7 7. Nf3 Nd7 8. Ne2 c5
9. c3 Nc6 10. O-O c4 11. Bc2 b5 12. Qe1 a5 13. a3 Bb7 14. g4 Qb6 15. Kg2 b4 16.
axb4 axb4 17. Rxa8+ Bxa8 18. f5 gxf5 19. gxf5 Kd8 20. fxe6 fxe6 21. Ng5 Re8 22.
Nf4 Ncxe5 23. dxe5 d4+ 24. Be4 bxc3 25. bxc3 Bxe4+ 26. Qxe4 Bxe5 27. Nfxe6+
Rxe6 28. Nxe6+ Qxe6 29. cxd4 Qg8+ 30. Kh1 Bb8 31. Bd2 Qg6 32. Ba5+ Kc8 33. Qxg6
hxg6 34. Rc1 Bf4 35. Rxc4+ Kb7 36. d5 Ka6 37. Rxf4 Kxa5 38. Rg4 Kb5 39. Rxg6
Kc5 40. Rg5 Nb6 41. h4 Nxd5 42. h5 Kd6 43. Rxd5+ 1-0

[Event "Internationaal Jeugdtoernooi Limburg 3"]
[Site "Blerick"]
[Date "1997.07.27"]
[Round "7"]
[White "Leenhouts, Koen"]
[Black "Vinck, Martin"]
[Result "1/2-1/2"]
[WhiteElo "1735"]
[BlackElo "1708"]
[PlyCount "125"]
[EventDate "1997.07.24"]
[EventType "swiss"]
[EventRounds "7"]
[EventCountry "NED"]
[Source "P.Boonen"]
[SourceDate "2009.01.01"]

1. e4 c5 2. Nf3 d6 3. d4 cxd4 4. Nxd4 Nf6 5. Nc3 a6 6. Bc4 e6 7. Bb3 Be7 8. f4
O-O 9. O-O Nbd7 10. Qf3 Qc7 11. Be3 Nb6 12. g4 Nc4 13. Bxc4 Qxc4 14. g5 Nd7 15.
f5 Ne5 16. Qg3 Re8 17. Nf3 exf5 18. Nxe5 dxe5 19. exf5 g6 20. fxg6 hxg6 21.
Qxe5 Qg4+ 22. Qg3 Qxg3+ 23. hxg3 Be6 24. Kf2 Rac8 25. Rh1 Rc4 26. Rh2 Bf8 27.
Rh4 Rxh4 28. gxh4 Bg7 29. Rd1 Bxc3 30. bxc3 Rc8 31. a3 Kf8 32. Bd4 Re8 33. Bf6
Bg4 34. Rd4 Be6 35. a4 Rc8 36. Ke2 Ke8 37. a5 Bc4+ 38. Kd2 Bb5 39. Re4+ Kf8 40.
h5 gxh5 41. Rh4 Ke8 42. Rxh5 Kd7 43. Rh7 Ke6 44. Rh3 Kf5 45. Re3 Re8 46. Rf3+
Kg6 47. Kc1 Re2 48. Bd8 Re8 49. Bb6 Kxg5 50. Rxf7 Bc6 51. Kb2 Re4 52. Rc7 Kf5
53. Kb3 Ba4+ 54. Ka3 Bc6 55. Bd4 Re1 56. Kb4 Rb1+ 57. Kc5 Rb5+ 58. Kd6 Rd5+ 59.
Ke7 Rxa5 60. Rc8 Ke4 61. Kd6 Rd5+ 62. Kc7 Rd7+ 63. Kb6 1/2-1/2

[Event "Internationaal Jeugdtoernooi Limburg 3"]
[Site "Blerick"]
[Date "1997.07.27"]
[Round "7"]
[White "Schilperoort, Jeroen"]
[Black "Morks, Ewout"]
[Result "0-1"]
[WhiteElo "1613"]
[BlackElo "1905"]
[PlyCount "46"]
[EventDate "1997.07.24"]
[EventType "swiss"]
[EventRounds "7"]
[EventCountry "NED"]
[Source "P.Boonen"]
[SourceDate "2009.01.01"]

1. e4 e5 2. Nf3 Nc6 3. d4 exd4 4. Nxd4 Nf6 5. Nxc6 bxc6 6. Bd3 Be7 7. O-O d6 8.
Nc3 O-O 9. Bg5 Ng4 10. Bd2 Ne5 11. Be2 f5 12. f4 Ng6 13. Bd3 Bf6 14. exf5 Bd4+
15. Kh1 Bxf5 16. Qf3 Qd7 17. g3 Rae8 18. Rae1 Bg4 19. Bc4+ d5 20. Bxd5+ cxd5
21. Qxd5+ Qxd5+ 22. Nxd5 Rxe1 23. Bxe1 Be2 0-1

[Event "Internationaal Jeugdtoernooi Limburg 3"]
[Site "Blerick"]
[Date "1997.07.27"]
[Round "7"]
[White "Strijbos, Maarten"]
[Black "Pietersma, Menno"]
[Result "1-0"]
[WhiteElo "2293"]
[BlackElo "2054"]
[PlyCount "48"]
[EventDate "1997.07.24"]
[EventType "swiss"]
[EventRounds "7"]
[EventCountry "NED"]
[Source "P.Boonen"]
[SourceDate "2009.01.01"]

1. e4 c5 2. d4 cxd4 3. c3 dxc3 4. Nxc3 e6 5. Nf3 a6 6. Bc4 b5 7. Bb3 Bb7 8. Qe2
d6 9. O-O Be7 10. Bf4 Nd7 11. a3 Nc5 12. Bc2 e5 13. Be3 Ne6 14. Rfd1 Qc7 15.
Rac1 Rc8 16. Bb3 Nc5 17. Nd5 Bxd5 18. Bxd5 Qb8 19. b4 Ne6 20. Ba7 Qxa7 21.
Rxc8+ Nd8 22. Bc6+ Kf8 23. Nxe5 g6 24. Rxd6 Kg7 1-0

[Event "Internationaal Jeugdtoernooi Limburg 3"]
[Site "Blerick"]
[Date "1997.07.27"]
[Round "7"]
[White "Van Beek, Alexander"]
[Black "Hoogendoorn, Joost"]
[Result "1-0"]
[WhiteElo "1970"]
[BlackElo "2302"]
[PlyCount "97"]
[EventDate "1997.07.24"]
[EventType "swiss"]
[EventRounds "7"]
[EventCountry "NED"]
[Source "P.Boonen"]
[SourceDate "2009.01.01"]

1. e4 c6 2. d4 d5 3. e5 Bf5 4. Nc3 Qb6 5. Nf3 e6 6. Bd3 Ne7 7. O-O Nd7 8. a4 a6
9. a5 Qa7 10. Na4 Bxd3 11. Qxd3 c5 12. dxc5 Nc6 13. Be3 Ndxe5 14. Nxe5 Nxe5 15.
Qc3 Nc6 16. f4 Rg8 17. Rad1 g6 18. Qe1 h5 19. Bf2 Rd8 20. Nb6 Be7 21. b4 Qb8
22. Bg3 h4 23. Bxh4 Bxh4 24. Qxh4 Qc7 25. c3 d4 26. Nc4 Rd7 27. Nd6+ Kf8 28.
Rde1 dxc3 29. Rxe6 Rxd6 30. Rxd6 Nxb4 31. Qd8+ Qxd8 32. Rxd8+ Kg7 33. Rxg8+
Kxg8 34. Rc1 c2 35. Kf1 Kf8 36. Ke2 Ke7 37. Kd2 Nc6 38. Kxc2 Nxa5 39. Kc3 Ke6
40. Re1+ Kf5 41. Re7 f6 42. g3 g5 43. fxg5 fxg5 44. Rh7 Kg6 45. Rc7 Kf6 46. h4
gxh4 47. gxh4 Kg6 48. Kb4 Nc6+ 49. Rxc6+ 1-0

[Event "Internationaal Jeugdtoernooi Limburg 3"]
[Site "Blerick"]
[Date "1997.07.27"]
[Round "7"]
[White "Van Gils, Philip"]
[Black "Backhuis, Roel"]
[Result "1-0"]
[WhiteElo "1699"]
[BlackElo "1463"]
[PlyCount "47"]
[EventDate "1997.07.24"]
[EventType "swiss"]
[EventRounds "7"]
[EventCountry "NED"]
[Source "P.Boonen"]
[SourceDate "2009.01.01"]

1. e4 c5 2. Nc3 Nc6 3. g3 g6 4. Bg2 Bg7 5. Nge2 Nf6 6. d3 O-O 7. O-O d6 8. h3
Nd7 9. Be3 f5 10. Rb1 fxe4 11. Nxe4 Rb8 12. Qd2 Nde5 13. Bh6 Bd7 14. Bxg7 Kxg7
15. Qc3 Kg8 16. Ng5 e6 17. Ne4 Be8 18. f4 Nd4 19. Nxd4 cxd4 20. Qxd4 Nc6 21.
Qxd6 Qxd6 22. Nxd6 Nd4 23. Nxe8 Rfxe8 24. c3 1-0